000
00251nam a2200121Ia 4500
082
_a
615
_b
E15J
100
_a
JAGGI, A.S
245
_a
EXPERIMENTAL PHARMACOLOGY
260
_b
CBS- DELHI
300
_a
164
650
_a
PHARMACOLOGY
942
_2
ddc
_c
BK
_0
2
999
_c
7080
_d
7080